000 00715nam a22002297a 4500
003 OSt
005 20140310181919.0
008 130717t xxu||||| |||| 00| 0 eng d
020 _a1843300575
050 _aNC 760
_b.H823 2002
082 _aTR 743.49
_bH78 2002
100 _aHorton, James
_91410
245 _aThe beginner's guide human anatomy :
_ban artist's step-by-step guide to techniques and materials /
_cJames Horton.
260 _aLondon :
_bNew Holland Publishers,
_cc2002.
300 _a80 p. :
_billus. (col.) ;
_c27 cm.
521 _aFaculty
541 _j1
562 _e1
650 _aAnatomy, Artistic.
_91411
650 _aDrawing--Technique.
_91412
942 _2lcc
_cBK-TR
_kTR
999 _c6897
_d6897